| 000 | 00714nam a22002057a 4500 | ||
|---|---|---|---|
| 999 |
_c790 _d790 |
||
| 003 | AR-CdUCM | ||
| 008 | 190225b ||||| |||| 00| 0 spa d | ||
| 040 |
_aMUNICIPALIDAD PROVINCIAL DEL CUSCO _cBIBLIOTECA MUNICIPAL DEL CUSCO |
||
| 082 |
_a985.4101 / _bL67 |
||
| 100 |
_aLinares Málaga, Eloy _93010 |
||
| 245 | _aPre historia de Arequipa / | ||
| 260 |
_aArequipa : _bMunicipalidad de Arequipa , _c1990. |
||
| 300 |
_a431 páginas _bImagenes _c32 cm. _eplano topográfico. |
||
| 505 | _aContenido: t.1 : culturas y épocas de la prehistoria de Arequipa | ||
| 650 |
_aPrehistoria. _9685 |
||
| 650 |
_aArequipa. _91703 |
||
| 650 |
_aProvincias de Arequipa. _93011 |
||
| 942 |
_2ddc _cLIBROS |
||
| 945 |
_awfj _d2019-02-25 |
||